000 00567nam a2200229Ia 4500
008 160621s9999 xx 000 0 und d
020 _a0-672-32926-3
050 _aComSc TK 5105.888
050 _b.M58 2007
100 _aMitchell, Scott.
245 _aCreate your own website /
245 _cScott Mitchell.
250 _a3rd Edition
260 _aIndiana :
260 _bSams Pub.,
260 _c2006
300 _a215 pages :
300 _bcolor illustrations ;
300 _c23 cm.
500 _aIncludes index.
650 _aWeb sites -- Design.
999 _c296076
_d296076